000 00497nam a2200181Ia 4500
005 20250326123425.0
008 250326s9999 xx 000 0 und d
037 _aTextbook
040 _aFMSL
_beng
_cFMSL
041 _aeng
_2eng
084 _aX651 M4
_qFMSL
100 _aBaily P
_9735109
245 0 _aStock control systems and records
_cBaily P; Tavernier G
260 _aEngland
_bEngland, Gower
_c1984
300 _a132p
942 _cTB
_hX651 M4
999 _c1269306
_d1269306